[Event "BL 9192 Empor Berlin-Porz"]
[Site "?"]
[Date "1992.??.??"]
[Round "?.8"]
[White "Thinius, M."]
[Black "Jackelen, T."]
[Result "0-1"]
[WhiteElo "2365"]
[BlackElo "2400"]
[PlyCount "62"]
[EventDate "1992.??.??"]

1. d4 Nf6 2. Nf3 g6 3. c4 Bg7 4. g3 O-O 5. Bg2 d6 6. Nc3 Nbd7 7. O-O e5 8. e4
exd4 9. Nxd4 Re8 10. h3 a6 11. Rb1 Rb8 12. b3 c5 13. Nde2 b5 14. cxb5 axb5 15.
Qc2 b4 16. Na4 Bb7 17. f3 d5 18. exd5 Nxd5 19. Kh2 Ba6 20. Rf2 Ne5 21. Nb2 Nc3
22. Nxc3 bxc3 23. Nc4 Nd3 24. Bg5 Qd4 25. Rff1 Nb4 26. Qf2 Qxf2 27. Rxf2 Bd4
28. Rff1 Nxa2 29. Bf4 Bxc4 30. bxc4 Rxb1 31. Rxb1 c2 0-1

[Event "BL 9192 Buna Halle-Koblenz"]
[Site "?"]
[Date "1992.??.??"]
[Round "?.2"]
[White "Lechtinsky, J."]
[Black "Dizdar, G."]
[Result "1/2-1/2"]
[WhiteElo "2410"]
[BlackElo "2495"]
[PlyCount "105"]
[EventDate "1992.??.??"]

1. c4 e6 2. Nc3 d5 3. d4 Bb4 4. e3 Nf6 5. Nf3 O-O 6. Bd3 c5 7. O-O Nc6 8. a3
Bxc3 9. bxc3 Qc7 10. cxd5 exd5 11. h3 c4 12. Bc2 Ne7 13. a4 Re8 14. Ne5 Bf5 15.
f3 Bxc2 16. Qxc2 Nc6 17. Nxc6 Qxc6 18. Bd2 Re6 19. Rfb1 Ne8 20. a5 Nd6 21. Qa4
Qc7 22. Qb4 Rc8 23. Be1 Qd8 24. Bf2 a6 25. Qa4 Qe7 26. Rb6 Nb5 27. Rxe6 Qxe6
28. Qb4 Qg6 29. Re1 Qd6 30. Qxd6 Nxd6 31. g4 f6 32. Kf1 Nb5 33. Rc1 Kf7 34. Ke2
h5 35. Bg3 hxg4 36. hxg4 Rh8 37. Kf2 Ke6 38. e4 Re8 39. Rb1 Re7 40. Rc1 Kf7 41.
exd5 Rd7 42. d6 Ke6 43. Re1+ Kf7 44. Ke3 Nxc3 45. Rc1 Nd5+ 46. Ke4 Ke6 47. Rxc4
g6 48. Kd3 Rh7 49. Rc5 Rh8 50. Kc4 Ne3+ 51. Kd3 Nd5 52. Kc4 Ne3+ 53. Kd3
1/2-1/2

[Event "BL 9192 Buna Halle-Koblenz"]
[Site "?"]
[Date "1992.??.??"]
[Round "?.3"]
[White "Seul, G."]
[Black "Hennings, A."]
[Result "1/2-1/2"]
[WhiteElo "2415"]
[BlackElo "2375"]
[PlyCount "154"]
[EventDate "1992.??.??"]

1. Nf3 d5 2. c4 c6 3. e3 Nf6 4. Nc3 g6 5. d4 Bg7 6. Bd3 O-O 7. O-O Bg4 8. h3
Bxf3 9. Qxf3 e6 10. Rd1 Nbd7 11. b3 Re8 12. Bb2 Qa5 13. Bf1 a6 14. Qe2 b5 15.
Qd2 Qb6 16. Qc2 Rab8 17. Rab1 Rec8 18. Qd2 Bf8 19. c5 Qc7 20. b4 a5 21. a3 axb4
22. axb4 Bg7 23. f4 Ne4 24. Nxe4 dxe4 25. Qc2 f5 26. Qb3 Kf7 27. Ra1 Nf6 28.
Ra5 Nd5 29. Rda1 Rb7 30. Bc1 Bf6 31. g3 Rg8 32. R1a2 g5 33. Rg2 Ra7 34. Rxa7
Qxa7 35. Qd1 gxf4 36. Qh5+ Kf8 37. Qh6+ Qg7 38. Qxg7+ Rxg7 39. gxf4 Nxb4 40.
Rxg7 Bxg7 41. Be2 Bf6 42. Bd2 Nd5 43. Kf2 Bh4+ 44. Kf1 Ke8 45. Bh5+ Kd7 46. Bd1
Bd8 47. Bh5 Bf6 48. Kf2 Ne7 49. Bd1 Ng6 50. Bb3 Bh4+ 51. Kf1 Bd8 52. Be1 Bc7
53. Bd2 Nh4 54. Bd1 Ke7 55. Be1 Ng6 56. Bd2 Kf6 57. Bc3 Kf7 58. Bh5 Kf8 59. Bd2
Ne7 60. Bd1 Kg7 61. Bh5 Kf8 62. Bd1 Nd5 63. Kf2 Kg7 64. Bh5 Nf6 65. Bd1 Kg6 66.
Bb3 Nd5 67. Bd1 Bd8 68. Kg2 Kh6 69. Be2 Kg6 70. Bd1 Be7 71. Bb3 Bf6 72. Kg3 Bg7
73. Bd1 Bh6 74. Kf2 Bf8 75. Kg2 Be7 76. Bb3 Bd8 77. Bd1 Bc7 1/2-1/2

[Event "BL 9192 Buna Halle-Koblenz"]
[Site "?"]
[Date "1992.??.??"]
[Round "?.4"]
[White "Schoeneberg, M."]
[Black "Brueckner, T."]
[Result "1-0"]
[WhiteElo "2335"]
[BlackElo "2405"]
[PlyCount "121"]
[EventDate "1992.??.??"]

1. e4 e5 2. Nf3 Nc6 3. Bb5 a6 4. Ba4 Nf6 5. O-O Nxe4 6. d4 b5 7. Bb3 d5 8. dxe5
Be6 9. c3 Bc5 10. Qe2 O-O 11. Be3 Bxe3 12. Qxe3 f6 13. Nd4 Nxd4 14. cxd4 fxe5
15. dxe5 Qe7 16. f3 Nc5 17. Rc1 Nb7 18. Nc3 Rad8 19. Rd1 c6 20. Rac1 Na5 21.
Qb6 Nxb3 22. axb3 c5 23. Ne2 Rc8 24. b4 c4 25. Qxa6 Ra8 26. Qd6 Qxd6 27. exd6
Ra4 28. Nd4 Bd7 29. Re1 Ra6 30. Ra1 Rfa8 31. Ra5 Rxa5 32. bxa5 Ra6 33. Re7 Rxd6
34. a6 Rxa6 35. Rxd7 Ra1+ 36. Kf2 Rb1 37. Rxd5 Rxb2+ 38. Ke3 b4 39. Rc5 c3 40.
h4 Rxg2 41. Rc4 Rb2 42. Nc6 c2 43. Ne5 g6 44. Nd3 Rb1 45. Rxc2 Rh1 46. Rc4 b3
47. Rb4 Rh2 48. Rb8+ Kg7 49. Rb7+ Kg8 50. Kf4 Rxh4+ 51. Ke5 Ra4 52. Nc5 Ra8 53.
Rxb3 Ra7 54. Rb7 Ra8 55. f4 Rf8 56. Nd7 Re8+ 57. Kf6 Rc8 58. Rb8 Rxb8 59. Nxb8
Kf8 60. Nd7+ Kg8 61. Ne5 1-0

[Event "BL 9192 Buna Halle-Koblenz"]
[Site "?"]
[Date "1992.??.??"]
[Round "?.5"]
[White "Wolf, V."]
[Black "Trapl, J."]
[Result "1-0"]
[WhiteElo "2320"]
[BlackElo "2385"]
[PlyCount "121"]
[EventDate "1992.??.??"]

1. e4 c5 2. Nf3 e6 3. c3 Nf6 4. Bd3 d5 5. e5 Nfd7 6. O-O Nc6 7. Qe2 g5 8. Bb5
g4 9. Ne1 Qb6 10. Na3 h5 11. d3 Bg7 12. f4 Ne7 13. Nec2 a6 14. Ba4 Qa5 15. Bb3
Qc7 16. Ne3 Nb6 17. Bd2 Bd7 18. d4 c4 19. Bc2 f5 20. exf6 Bxf6 21. f5 e5 22.
dxe5 Qxe5 23. b3 cxb3 24. axb3 O-O-O 25. Bd3 Bc6 26. Nac2 Qd6 27. Nd4 Be5 28.
g3 Ng8 29. Nec2 Nf6 30. Bf4 Rde8 31. Qf2 Ne4 32. Bxe4 dxe4 33. Bxe5 Rxe5 34.
Ne3 Bb5 35. Nxb5 Rxb5 36. Rad1 Qf6 37. b4 Nd7 38. Nd5 Qe5 39. c4 e3 40. Qe2 Rb6
41. Nxb6+ Nxb6 42. f6 Rf8 43. Rc1 Qe6 44. Rc3 Rxf6 45. Rxf6 Qxf6 46. Qxe3 Nd7
47. Rd3 Ne5 48. Qc5+ Kb8 49. Qd6+ Qxd6 50. Rxd6 Nxc4 51. Rh6 Kc7 52. Rxh5 Kd6
53. Rg5 Ne5 54. Kf2 Ke6 55. Rg7 b5 56. Ke3 Kf5 57. Rc7 Nc4+ 58. Kd4 Nd2 59.
Rc5+ Ke6 60. Rc6+ Kf5 61. Rxa6 1-0

[Event "BL 9192 Buna Halle-Koblenz"]
[Site "?"]
[Date "1992.??.??"]
[Round "?.6"]
[White "Liebert, H."]
[Black "Doncevic, D."]
[Result "1/2-1/2"]
[WhiteElo "2395"]
[BlackElo "2355"]
[PlyCount "84"]
[EventDate "1992.??.??"]

1. c4 Nf6 2. Nf3 g6 3. g3 d5 4. cxd5 Nxd5 5. Nc3 Nb6 6. Bg2 Bg7 7. O-O O-O 8.
d3 N8d7 9. Be3 c6 10. Qd2 e5 11. Bh6 Qe7 12. Bxg7 Kxg7 13. b3 Nf6 14. Qb2 Re8
15. e3 a5 16. d4 e4 17. Nd2 Bf5 18. Nc4 Nxc4 19. bxc4 Qb4 20. Rab1 Qxc4 21.
Rfc1 Qb4 22. Qxb4 axb4 23. Rxb4 Ra7 24. a4 Nd5 25. Nxd5 cxd5 26. Bf1 Rc8 27.
Rxc8 Bxc8 28. Bb5 Kf6 29. Rb1 Ke7 30. Rc1 Be6 31. Kg2 Kd6 32. f3 exf3+ 33. Kxf3
Ra8 34. h4 h6 35. Rc3 Rc8 36. Rxc8 Bxc8 37. Kf4 f6 38. a5 g5+ 39. Kf3 Bf5 40.
a6 bxa6 41. Bxa6 Bd7 42. Bd3 Be6 1/2-1/2

[Event "BL 9192 Buna Halle-Koblenz"]
[Site "?"]
[Date "1992.??.??"]
[Round "?.7"]
[White "Fritsche, L."]
[Black "Dietze, W."]
[Result "1-0"]
[WhiteElo "2395"]
[BlackElo "2290"]
[PlyCount "59"]
[EventDate "1992.??.??"]

1. e4 c5 2. Nc3 Nc6 3. g3 g6 4. d3 Bg7 5. Be3 d6 6. Qd2 Rb8 7. Bg2 Bd7 8. Nf3
Nd4 9. O-O Qc8 10. Nh4 Nf6 11. Bh6 Bxh6 12. Qxh6 Nxc2 13. Rac1 Nd4 14. e5 dxe5
15. Rfe1 Ne6 16. Nf3 Ng4 17. Qh4 Nf6 18. Nxe5 O-O 19. Nd5 Nxd5 20. Bxd5 Qd8 21.
Qh6 Ng7 22. Rxc5 Nf5 23. Qf4 e6 24. Bg2 Rc8 25. d4 Rxc5 26. dxc5 Bc8 27. c6
bxc6 28. Nxc6 Qb6 29. g4 Nh4 30. Qf6 1-0

[Event "BL 9192 Buna Halle-Koblenz"]
[Site "?"]
[Date "1992.??.??"]
[Round "?.8"]
[White "Becker, Mi"]
[Black "Weidemann, J."]
[Result "1/2-1/2"]
[WhiteElo "2310"]
[BlackElo "2305"]
[PlyCount "132"]
[EventDate "1992.??.??"]

1. e4 c6 2. d4 d5 3. Nc3 dxe4 4. Nxe4 Nf6 5. Nxf6+ gxf6 6. c3 h5 7. h4 Bg4 8.
Qb3 Qb6 9. Bc4 Qxb3 10. axb3 Nd7 11. Ne2 Bxe2 12. Bxe2 Bh6 13. Bxh6 Rxh6 14.
Ra5 e5 15. O-O Ke7 16. f4 exd4 17. cxd4 Nb6 18. Bf3 a6 19. Re1+ Kf8 20. Rxh5
Rxh5 21. Bxh5 Rd8 22. Rd1 Nd5 23. g3 Ne3 24. Rd3 Nc2 25. d5 Nb4 26. Rd4 Nxd5
27. Bf3 f5 28. Kf2 Ke7 29. Rd1 Ke6 30. h5 Rh8 31. Bxd5+ cxd5 32. Rh1 Rh6 33.
Ke3 a5 34. Kd4 Kd6 35. Rh2 b6 36. Rh3 Ke6 37. Rh4 Kd6 38. Rh1 f6 39. Rh2 Ke6
40. Rh3 Kd6 41. Rh2 Ke6 42. Kc3 Kd6 43. b4 Kc6 44. bxa5 bxa5 45. Kd4 Kd6 46.
Rh1 a4 47. Rh4 Kc6 48. Rh3 Kd6 49. Rh1 Kc6 50. Ra1 Kb5 51. Kxd5 Rxh5 52. Ke6
Rh2 53. Ra2 Rg2 54. Kxf5 Rxg3 55. Kxf6 Rg4 56. Kf5 Rg2 57. Ke6 Re2+ 58. Kd5 Rf2
59. Ke5 Kb4 60. f5 Kb3 61. Ra3+ Kb4 62. f6 Rxb2 63. Rf3 Re2+ 64. Kd6 Re8 65. f7
Rf8 66. Ke7 Rxf7+ 1/2-1/2

[Event "BL 9192 Sindelfingen-Bielefeld"]
[Site "?"]
[Date "1992.??.??"]
[Round "?.1"]
[White "Piskov, Y."]
[Black "Rajkovic, D."]
[Result "1-0"]
[WhiteElo "2500"]
[BlackElo "2470"]
[PlyCount "87"]
[EventDate "1992.??.??"]

1. d4 Nf6 2. c4 e6 3. Nf3 b6 4. e3 Bb7 5. Bd3 Bb4+ 6. Nbd2 O-O 7. O-O d5 8. a3
Be7 9. b4 Nbd7 10. c5 a5 11. Qc2 c6 12. Bb2 Ba6 13. Bxa6 Rxa6 14. Rfc1 bxc5 15.
dxc5 Qc7 16. Nd4 Rfa8 17. N2b3 axb4 18. axb4 Ng4 19. g3 Rxa1 20. Rxa1 Rxa1+ 21.
Bxa1 e5 22. Nf5 Bf8 23. Qe2 h5 24. f3 Ngf6 25. Qa6 g6 26. Nh4 Bh6 27. Ng2 Kh7
28. Na5 Nb8 29. Qb7 Qxb7 30. Nxb7 Nfd7 31. Nd8 f6 32. f4 Bf8 33. Ne1 Be7 34.
Nb7 Kg7 35. Nf3 Na6 36. Bc3 Ndb8 37. fxe5 Kf7 38. Nd6+ Ke6 39. Nd4+ Kd7 40. e6+
Kc7 41. Nf7 Nxc5 42. bxc5 Bxc5 43. Ba5+ Kb7 44. Nh8 1-0

[Event "BL 9192 Sindelfingen-Bielefeld"]
[Site "?"]
[Date "1992.??.??"]
[Round "?.2"]
[White "Luther, T."]
[Black "Gruen, G."]
[Result "1-0"]
[WhiteElo "2490"]
[BlackElo "2375"]
[PlyCount "57"]
[EventDate "1992.??.??"]

1. e4 e5 2. Nf3 Nc6 3. Bb5 Nf6 4. O-O Bc5 5. c3 O-O 6. d4 Bb6 7. Bg5 h6 8. Bh4
d6 9. Qd3 Bd7 10. Nbd2 a6 11. Bc4 Qe7 12. Rfe1 Rad8 13. Bd5 Kh8 14. Nc4 Bg4 15.
Nxb6 cxb6 16. Nd2 g5 17. Bg3 Nb8 18. Nc4 b5 19. Nxd6 Rxd6 20. dxe5 Rxd5 21.
exd5 Nh5 22. Qd4 Bf5 23. e6+ Kh7 24. Bxb8 fxe6 25. Bg3 Nxg3 26. hxg3 Qf7 27.
dxe6 Bxe6 28. Qe4+ Bf5 29. Qe7 1-0

[Event "BL 9192 Sindelfingen-Bielefeld"]
[Site "?"]
[Date "1992.??.??"]
[Round "?.3"]
[White "Panzer, P."]
[Black "Fahnenschmidt, G."]
[Result "1/2-1/2"]
[WhiteElo "2355"]
[BlackElo "2375"]
[PlyCount "40"]
[EventDate "1992.??.??"]

1. d4 Nf6 2. c4 e6 3. Nc3 Bb4 4. Qc2 O-O 5. Nf3 c5 6. dxc5 Nc6 7. a3 Bxc5 8.
Bf4 d5 9. Rd1 Qa5 10. cxd5 Nxd5 11. Bd2 Be7 12. b4 Qxa3 13. Nxd5 exd5 14. b5
Nb4 15. Qb1 Bd7 16. e3 a6 17. Nd4 Rfc8 18. Be2 axb5 19. O-O Bf8 20. Nxb5 Bxb5
1/2-1/2

[Event "BL 9192 Sindelfingen-Bielefeld"]
[Site "?"]
[Date "1992.??.??"]
[Round "?.4"]
[White "Marinkovic, I."]
[Black "Kassebaum, R."]
[Result "1-0"]
[WhiteElo "2485"]
[BlackElo "2410"]
[PlyCount "87"]
[EventDate "1992.??.??"]

1. e4 c5 2. Nf3 e6 3. Nc3 d6 4. d4 cxd4 5. Nxd4 Nf6 6. g3 Nc6 7. Bg2 Nxd4 8.
Qxd4 Be7 9. O-O O-O 10. b3 a6 11. Bb2 e5 12. Qd3 Be6 13. Nd1 b5 14. Ne3 Re8 15.
h3 Qc7 16. Rfc1 Rac8 17. c4 Qb8 18. cxb5 axb5 19. a3 b4 20. a4 Rxc1+ 21. Rxc1
Nd7 22. Nd5 Nc5 23. Qe3 Bf8 24. Rc4 Bxd5 25. exd5 Qb7 26. Bc1 e4 27. Rd4 g6 28.
Bf1 Bg7 29. Rd1 Bc3 30. Bc4 Qc8 31. Kg2 Rf8 32. Qe2 Be5 33. Bh6 Re8 34. Bd2 Qb7
35. Bb5 Re7 36. Bxb4 Nd3 37. Rxd3 exd3 38. Qxd3 Qa7 39. Bc6 Bd4 40. Bxd6 Re1
41. Bb4 Rc1 42. Qe2 Qb6 43. Qe8+ Kg7 44. Bf8+ 1-0

[Event "BL 9192 Sindelfingen-Bielefeld"]
[Site "?"]
[Date "1992.??.??"]
[Round "?.5"]
[White "Geveke, M."]
[Black "Kraut, R."]
[Result "1/2-1/2"]
[WhiteElo "2330"]
[BlackElo "2405"]
[PlyCount "82"]
[EventDate "1992.??.??"]

1. c4 e5 2. g3 Nf6 3. Bg2 Nc6 4. Nc3 Bb4 5. Nd5 Bc5 6. d3 Nxd5 7. cxd5 Ne7 8.
Bd2 d6 9. b4 Bb6 10. e3 O-O 11. Qb3 c6 12. dxc6 Nxc6 13. b5 Ne7 14. Ne2 Be6 15.
Qb2 Qd7 16. O-O Bh3 17. a4 a5 18. bxa6 Bxg2 19. Kxg2 Rxa6 20. Rfb1 Qc6+ 21. Kg1
Qf3 22. Nc3 f5 23. Qb3+ Kh8 24. Qd1 Qc6 25. Nb5 f4 26. exf4 exf4 27. Bxf4 Nd5
28. Rc1 Qd7 29. Rc4 g5 30. Bxg5 Bxf2+ 31. Kh1 Bxg3 32. Qg4 Qxg4 33. Rxg4 Be5
34. Rag1 Raa8 35. Bh4 Ne3 36. Re4 Nf5 37. Be1 Rac8 38. Bb4 Rg8 39. Rxg8+ Kxg8
40. Rc4 Rxc4 41. dxc4 Kf7 1/2-1/2

[Event "BL 9192 Sindelfingen-Bielefeld"]
[Site "?"]
[Date "1992.??.??"]
[Round "?.6"]
[White "Gerstner, W."]
[Black "Pohl Kuemmel, J."]
[Result "1-0"]
[WhiteElo "2405"]
[BlackElo "2245"]
[PlyCount "87"]
[EventDate "1992.??.??"]

1. d4 d6 2. e4 g6 3. Nc3 Bg7 4. Be3 c6 5. f3 Qb6 6. Rb1 Nf6 7. Qd2 Qc7 8. a4
O-O 9. Bc4 Nbd7 10. Nge2 a6 11. Bh6 b5 12. Ba2 b4 13. Nd1 a5 14. h4 c5 15. h5
c4 16. hxg6 fxg6 17. Bxg7 Kxg7 18. Qh6+ Kf7 19. Ne3 Nb6 20. g4 Rg8 21. g5 Nh5
22. Rxh5 gxh5 23. Qxh7+ Rg7 24. Qxh5+ Kf8 25. Nf4 d5 26. Qh8+ Kf7 27. g6+ Rxg6
28. Nxg6 Qg3+ 29. Ke2 Qxg6 30. Rh1 Qg8 31. Qxg8+ Kxg8 32. Nxd5 Nxd5 33. Bxc4
Ba6 34. Bxa6 Nf4+ 35. Ke3 Ng2+ 36. Kf2 Rxa6 37. Rg1 Rc6 38. Rxg2+ Kf7 39. Ke3
b3 40. cxb3 Rb6 41. Rg5 Rxb3+ 42. Kf4 Rb4 43. Rxa5 Rxd4 44. b3 1-0

[Event "BL 9192 Sindelfingen-Bielefeld"]
[Site "?"]
[Date "1992.??.??"]
[Round "?.7"]
[White "Meier, V."]
[Black "Franke, H."]
[Result "1/2-1/2"]
[WhiteElo "2295"]
[BlackElo "2380"]
[PlyCount "114"]
[EventDate "1992.??.??"]

1. e4 e6 2. d4 d5 3. Nd2 c5 4. exd5 exd5 5. Bb5+ Bd7 6. Bxd7+ Nxd7 7. Ngf3 Ngf6
8. O-O Be7 9. dxc5 Nxc5 10. Nd4 Qd7 11. N2f3 O-O 12. Ne5 Qc8 13. Re1 Re8 14.
Bg5 Nce4 15. Bf4 Bc5 16. c3 a6 17. Rc1 Bd6 18. Nd3 Qc4 19. f3 Qc7 20. Bxd6 Nxd6
21. Qd2 Nc4 22. Qf2 Kf8 23. g4 h6 24. h4 Rxe1+ 25. Rxe1 Re8 26. g5 Rxe1+ 27.
Qxe1 hxg5 28. hxg5 Nh5 29. g6 Qe7 30. Qxe7+ Kxe7 31. gxf7 Kxf7 32. Kf2 Kf6 33.
b3 Nd6 34. Nc5 g5 35. Ke3 Nf4 36. a4 Ng2+ 37. Kd2 Nh4 38. Nd7+ Kg6 39. Ne5+ Kh5
40. Ne6 Ng2 41. Kd3 Nf5 42. a5 Kh4 43. c4 dxc4+ 44. bxc4 Kg3 45. Ke4 Nd6+ 46.
Kd5 Nc8 47. Kc5 Nh4 48. Nxg5 Kf4 49. Ngf7 Nf5 50. Kb4 b6 51. axb6 Nxb6 52. c5
Nd5+ 53. Ka5 Nd4 54. Kxa6 Ne6 55. Kb5 Ne7 56. Kc4 Nxc5 57. Kxc5 Nf5 1/2-1/2

[Event "BL 9192 Sindelfingen-Bielefeld"]
[Site "?"]
[Date "1992.??.??"]
[Round "?.8"]
[White "Werner, Marc"]
[Black "Beilfuss, W."]
[Result "0-1"]
[WhiteElo "2335"]
[BlackElo "2220"]
[PlyCount "78"]
[EventDate "1992.??.??"]

1. e4 c5 2. Nf3 e6 3. d4 cxd4 4. Nxd4 a6 5. Bd3 Nf6 6. O-O d6 7. c4 Bd7 8. Nc3
Nc6 9. Nxc6 Bxc6 10. Qe2 Be7 11. b3 O-O 12. Bb2 Qb8 13. Rad1 Rd8 14. a4 Nd7 15.
f4 Bf6 16. Bc2 Nf8 17. b4 b6 18. e5 dxe5 19. Be4 Rxd1 20. Qxd1 Qb7 21. Qf3 Rc8
22. b5 axb5 23. cxb5 Bxe4 24. Nxe4 Rc7 25. fxe5 Bd8 26. Nd6 Qxf3 27. Rxf3 Be7
28. Bd4 Rc1+ 29. Kf2 Bxd6 30. exd6 Nd7 31. Rc3 Rxc3 32. Bxc3 f6 33. a5 bxa5 34.
Bxa5 Kf7 35. b6 Nc5 36. Bb4 Nd3+ 37. Ke3 Nxb4 38. Kd4 Na6 39. Kc4 Ke8 0-1

[Event "BL 9192 FTG Frankfurt-Bochum"]
[Site "?"]
[Date "1992.??.??"]
[Round "?.1"]
[White "Dokhoian, Y."]
[Black "Khalifman, A."]
[Result "1/2-1/2"]
[WhiteElo "2545"]
[BlackElo "2625"]
[PlyCount "43"]
[EventDate "1992.??.??"]

1. d4 Nf6 2. c4 e6 3. Nf3 b6 4. a3 Ba6 5. Qc2 Bb7 6. Nc3 c5 7. dxc5 bxc5 8. Bf4
d6 9. e3 Nh5 10. Bg3 Be7 11. Be2 Nd7 12. Rd1 Nxg3 13. hxg3 Nf6 14. Rd2 Qb6 15.
e4 O-O 16. e5 dxe5 17. Nxe5 g6 18. Bf3 Rad8 19. O-O Rxd2 20. Qxd2 Rd8 21. Qe2
Nd7 22. Bxb7 1/2-1/2

[Event "BL 9192 FTG Frankfurt-Bochum"]
[Site "?"]
[Date "1992.??.??"]
[Round "?.2"]
[White "Lobron, E."]
[Black "Glek, I."]
[Result "0-1"]
[WhiteElo "2575"]
[BlackElo "2515"]
[PlyCount "94"]
[EventDate "1992.??.??"]

1. Nf3 Nf6 2. d4 g6 3. c4 Bg7 4. Nc3 O-O 5. e4 d6 6. Be2 e5 7. O-O a5 8. dxe5
dxe5 9. Qxd8 Rxd8 10. Bg5 Nbd7 11. Rfd1 Rf8 12. Nd5 c6 13. Nxf6+ Bxf6 14. Be3
Be7 15. Rac1 Bc5 16. Rc3 Re8 17. Ne1 h5 18. f3 Bxe3+ 19. Rxe3 Nc5 20. Nd3 Nxd3
21. Rexd3 Be6 22. Ra3 b6 23. Rd6 Rec8 24. Kf2 Kf8 25. Ke3 Ke7 26. Rd2 h4 27.
Rc3 f6 28. a4 Rd8 29. c5 Rxd2 30. Kxd2 bxc5 31. Rxc5 Kd6 32. Rc3 Rb8 33. Rd3+
Kc7 34. Kc2 Rb4 35. Rc3 Kd6 36. b3 f5 37. Bd1 c5 38. Re3 c4 39. bxc4 Rxa4 40.
Be2 Bxc4 41. Bxc4 Rxc4+ 42. Kb3 Rd4 43. Re2 fxe4 44. fxe4 Rb4+ 45. Ka3 Kc5 46.
Re3 g5 47. g4 Kd4 0-1

[Event "BL 9192 FTG Frankfurt-Bochum"]
[Site "?"]
[Date "1992.??.??"]
[Round "?.6"]
[White "Werner, D."]
[Black "Sonntag, H."]
[Result "0-1"]
[WhiteElo "2385"]
[BlackElo "2410"]
[PlyCount "144"]
[EventDate "1992.??.??"]

1. e4 e5 2. Nf3 Nc6 3. Bb5 a6 4. Ba4 Nf6 5. O-O Be7 6. Qe2 b5 7. Bb3 d6 8. c3
O-O 9. d4 Bg4 10. Rd1 Qe8 11. h3 Bxf3 12. Qxf3 Na5 13. Bc2 c5 14. dxe5 dxe5 15.
Nd2 Qc6 16. Nf1 Nc4 17. b3 Nb6 18. Ne3 Rfe8 19. Nf5 Bf8 20. Bg5 Re6 21. a4 bxa4
22. bxa4 a5 23. Rdb1 c4 24. Rb5 Nfd7 25. Rab1 h6 26. Be3 Qc7 27. Qg4 Kh7 28. h4
Rg6 29. Qe2 Rc6 30. h5 g6 31. hxg6+ fxg6 32. Nh4 Bc5 33. Bd1 Bxe3 34. Qxe3 Qd6
35. Nf3 Ra6 36. Bc2 Qe7 37. g3 Qe6 38. Kg2 Kg7 39. Kh1 g5 40. Rd1 Qe7 41. Qd2
Qe6 42. Qc1 Rc5 43. Nxg5 hxg5 44. Rxc5 Nxc5 45. Qxg5+ Kf7 46. Rd8 Nbd7 47. Qg8+
Kf6 48. Qh8+ Kf7 49. Bd1 Qf6 50. Qe8+ Kg7 51. Qg8+ Kh6 52. Bg4 Qg7 53. Qe8 Nf6
54. Qxe5 Qxg4 55. Rh8+ Kg6 56. Qxc5 Qxe4+ 57. Kg1 Rc6 58. Qf8 Rb6 59. Qh6+ Kf5
60. Qh3+ Qg4 61. Qf1 Rd6 62. Qb1+ Ke6 63. Qb8 Qd1+ 64. Kh2 Qxa4 65. Qc8+ Ke5
66. Qc5+ Ke6 67. Qc8+ Rd7 68. Rh4 Qb5 69. Rxc4 Kf7 70. Rf4 Kg6 71. Rh4 Qf1 72.
Qc5 Rd1 0-1

[Event "BL 9192 FTG Frankfurt-Bochum"]
[Site "?"]
[Date "1992.??.??"]
[Round "?.7"]
[White "Von Gleich, A."]
[Black "Degenhardt, H."]
[Result "0-1"]
[WhiteElo "2325"]
[BlackElo "2305"]
[PlyCount "120"]
[EventDate "1992.??.??"]

1. Nf3 Nf6 2. c4 g6 3. Nc3 Bg7 4. e4 d6 5. d4 O-O 6. Be2 e5 7. O-O Nc6 8. d5
Ne7 9. b4 a5 10. Ba3 axb4 11. Bxb4 Nd7 12. a4 Bh6 13. Nd2 f5 14. Nb3 Nf6 15.
Bf3 fxe4 16. Nxe4 Nxe4 17. Bxe4 Bf5 18. Bxf5 gxf5 19. a5 Qe8 20. Ra3 Rf6 21.
Nd2 Ng6 22. Re1 Qd7 23. Qh5 Nf4 24. Rg3+ Kh8 25. Qh4 Bg7 26. Rg5 Rh6 27. Qg3
Bf6 28. Bc3 Nd3 29. Qxd3 Bxg5 30. f4 Bxf4 31. Nf3 Rg6 32. Kf2 Re8 33. g3 Bh6
34. Nh4 Rf6 35. c5 Bg7 36. Qf3 f4 37. g4 Rff8 38. c6 bxc6 39. dxc6 Qe6 40. Nf5
Rxf5 41. gxf5 Qxf5 42. a6 Bf6 43. a7 Bh4+ 44. Kf1 Bxe1 45. Bxe1 Qb1 46. Qd5 Rf8
47. Qe6 Qb5+ 48. Kg1 Qxc6 49. Bh4 Rg8+ 50. Kf1 Qh1+ 51. Ke2 Qxh2+ 52. Bf2 Qh5+
53. Kd2 Qg6 54. Qd5 Qe8 55. Bh4 Kg7 56. Qb7 Qc8 57. Qg2+ Kf7 58. Qd5+ Kg6 59.
Qg2+ Kh5 60. Qh1 Qa8 0-1

[Event "BL 9192 FTG Frankfurt-Bochum"]
[Site "?"]
[Date "1992.??.??"]
[Round "?.8"]
[White "Staller, P."]
[Black "Bakalarz, M."]
[Result "1/2-1/2"]
[WhiteElo "2360"]
[BlackElo "2260"]
[PlyCount "85"]
[EventDate "1992.??.??"]

1. c4 e5 2. Nc3 Nf6 3. a3 c6 4. Nf3 e4 5. Nd4 Bc5 6. e3 O-O 7. d3 d5 8. cxd5
cxd5 9. Be2 exd3 10. Qxd3 Nc6 11. O-O h6 12. Rd1 Nxd4 13. exd4 Bd6 14. Bf3 a6
15. g3 Be6 16. Be3 Qd7 17. Bg2 Rac8 18. Qd2 Bb8 19. Rac1 Bh3 20. f3 Bxg2 21.
Kxg2 Rfe8 22. Re1 Ba7 23. Bf2 Nh7 24. Rxe8+ Rxe8 25. h4 Bb8 26. Re1 Rxe1 27.
Qxe1 Nf8 28. Qd1 Nh7 29. Qa4 Qxa4 30. Nxa4 Ba7 31. Nc3 Nf6 32. g4 g5 33. hxg5
hxg5 34. Be3 Kg7 35. Ne2 Kg6 36. Ng3 Nd7 37. Nf5 Nb6 38. b3 Bb8 39. a4 Nc8 40.
Bf2 Kf6 41. Kf1 Ne7 42. Nxe7 Kxe7 43. Ke2 1/2-1/2

[Event "BL 9192 Bielefeld-FTG Frankfurt"]
[Site "?"]
[Date "1992.??.??"]
[Round "?.1"]
[White "Khalifman, A."]
[Black "Piskov, Y."]
[Result "1-0"]
[WhiteElo "2625"]
[BlackElo "2500"]
[PlyCount "81"]
[EventDate "1992.??.??"]

1. d4 f5 2. g3 Nf6 3. Bg2 d6 4. Nf3 g6 5. O-O Bg7 6. c4 O-O 7. Nc3 Qe8 8. Nd5
Nxd5 9. cxd5 Qb5 10. Ng5 Qb6 11. Be3 Rd8 12. h4 a5 13. Qd2 c6 14. Rac1 Qb5 15.
h5 Bd7 16. hxg6 hxg6 17. Bf4 Na6 18. e4 Nb4 19. a3 Nd3 20. Rcd1 Nxb2 21. Rb1
Nc4 22. Qe2 Qa6 23. exf5 Bxf5 24. Rbc1 Nb6 25. Qa2 c5 26. dxc5 Na4 27. cxd6
exd6 28. Qb3 Nb2 29. Ne6 Nd3 30. Rc7 Bf6 31. Nxd8 Bxd8 32. Rc4 a4 33. Qa2 Bb6
34. Be4 Nxf4 35. Bxf5 gxf5 36. Rxf4 Qd3 37. Kg2 Bc5 38. Rf3 Qe4 39. Qd2 Qg4 40.
Rh1 Rf8 41. Rh4 1-0

[Event "BL 9192 Bielefeld-FTG Frankfurt"]
[Site "?"]
[Date "1992.??.??"]
[Round "?.2"]
[White "Gruen, G."]
[Black "Lobron, E."]
[Result "0-1"]
[WhiteElo "2375"]
[BlackElo "2575"]
[PlyCount "66"]
[EventDate "1992.??.??"]

1. d4 e6 2. c4 Nf6 3. Nf3 Bb4+ 4. Bd2 a5 5. g3 O-O 6. Bg2 b6 7. a3 Bxd2+ 8.
Nfxd2 d5 9. Nc3 c5 10. dxc5 bxc5 11. O-O Bb7 12. cxd5 exd5 13. e4 d4 14. Na4
Na6 15. Rc1 Nd7 16. Nc4 Rb8 17. b3 Ba8 18. Re1 Qc7 19. Rb1 Bc6 20. Qd2 Bxa4 21.
bxa4 Nb6 22. Nxb6 Rxb6 23. Rb5 Rxb5 24. axb5 Nb8 25. e5 Re8 26. Qf4 Nd7 27. Bd5
Nb6 28. Bc6 Rd8 29. Be4 Qe7 30. Qd2 a4 31. Qc2 g6 32. Bc6 c4 33. e6 fxe6 0-1

[Event "BL 9192 Bielefeld-FTG Frankfurt"]
[Site "?"]
[Date "1992.??.??"]
[Round "?.3"]
[White "Tischbierek, R."]
[Black "Panzer, P."]
[Result "1-0"]
[WhiteElo "2485"]
[BlackElo "2355"]
[PlyCount "65"]
[EventDate "1992.??.??"]

1. e4 e6 2. d4 d5 3. Nc3 Bb4 4. e5 b6 5. Bd2 Qd7 6. Bb5 c6 7. Ba4 a5 8. a3 Bxc3
9. Bxc3 Ba6 10. Ne2 Bb5 11. Bb3 a4 12. Ba2 c5 13. Nf4 Nc6 14. Qg4 g6 15. dxc5
d4 16. Bb4 Qc7 17. O-O-O bxc5 18. Bxc5 Qxe5 19. Nd5 O-O-O 20. Rhe1 Qf5 21. Qxf5
gxf5 22. c4 dxc3 23. Nxc3 Rxd1+ 24. Rxd1 Ba6 25. Nxa4 Nf6 26. Nc3 Rg8 27. g3
Ng4 28. b4 Nce5 29. b5 Bb7 30. h3 Bf3 31. Rd2 Nh2 32. Bd6 Nd7 33. a4 1-0

[Event "BL 9192 Bielefeld-FTG Frankfurt"]
[Site "?"]
[Date "1992.??.??"]
[Round "?.4"]
[White "Kassebaum, R."]
[Black "Gutman, L."]
[Result "1-0"]
[WhiteElo "2410"]
[BlackElo "2465"]
[PlyCount "79"]
[EventDate "1992.??.??"]

1. e4 c5 2. Nf3 d6 3. d4 cxd4 4. Nxd4 Nf6 5. Nc3 a6 6. g3 e6 7. Bg2 Ra7 8. Be3
b6 9. O-O Rc7 10. g4 h6 11. f4 Be7 12. g5 hxg5 13. fxg5 Nfd7 14. Rxf7 Ne5 15.
Rxg7 Kf8 16. Rxe7 Rxe7 17. Qe2 Rf7 18. Rd1 Qe7 19. Nb3 Nbd7 20. Rf1 Rxf1+ 21.
Qxf1+ Kg7 22. Qf4 Ng6 23. Qg3 Bb7 24. Nd4 Kg8 25. Bh3 Ndf8 26. Bg4 b5 27. a3
Bc8 28. Nf3 Nd7 29. h4 Nde5 30. Nxe5 Nxe5 31. Be2 Bd7 32. h5 a5 33. g6 b4 34.
axb4 axb4 35. Nd1 Be8 36. Nf2 Qc7 37. Ng4 Qxc2 38. Nf6+ Kg7 39. h6+ Rxh6 40.
Nxe8+ 1-0